States with the Most Chipotle Locations Quiz - Statistics

General Stats
  • This quiz has been taken 136 times
    79 since last reset
  • The average score is 7 of 10
Answer Stats
Location State % Correct
514 California
95%
346 Texas
95%
236 New York
89%
286 Florida
80%
266 Ohio
72%
147 Pennsylvania
67%
126 Georgia
64%
181 Illinois
62%
141 Virginia
57%
123 Maryland
39%
No matching quizzes found
Score Distribution
Percent of People with Each Score
Percentile by Number Answered
Your Score History
You have not taken this quiz since the last reset